000 00767nas a22001817a 4500
999 _c121125
_d121125
001 K121125
007 ta
008 191007b2019 ||||| |||| 00| 0 eng d
041 _aeng
100 _aCharwood, Ralph
245 _aFail to prepare prepare to fail
490 _aEstates Gazette
_v(1940) 5 October 2019, 50-51(2)
520 _aOffers advice to APC candidates approaching final assessment. Highlights issues such as study planning, preparing handouts for case study presentation, familiarity and in-depth knowledge of Level 3 and 1 compencies. Recommends preparation techniques such as mock interviews and building in personal downtime.
650 _aProfessional ethics
650 _aRules of Conduct
651 _aUnited Kingdom 1973
690 _96216
_aAPC